00725nam a2200241Ia 4500003000400000005001700004008004000021020001500061040000700076041000800083082001500091100002600106245005700132250000600189260003200195300001100227690002300238700002700261906001100288942001200299999001900311952015300330OSt20250829101407.0210210b2008 xxu||||| |||| 00| 0 eng d a8175543361 cAL aeng a070.1 BLAE aMichael Bland9237533 aEffective media relationsb: how to get results Ed 3 a3 aNew DelhibKogan Pagec2008 ax,150p aJournalism9237545 aTheaker Alison9237546 a065291 2ddccBK c142472d142472 001040708JournalismaALbALcJournalismd2021-02-17eIntact Bookhouse Pvt Ltdg195.00l0o070.1 BLAEp065291r2021-02-17 00:00:00w2021-02-17yBK